[Event "Mahilong Birla Memorial 23 rd"]
[Site "Mahilong"]
[Date "2024.07.22"]
[Round "6"]
[White "Sikandar, Anis"]
[Black "Abhishek, Kumar3"]
[Result "1/2-1/2"]
[WhiteElo "1737"]
[BlackElo "1539"]
[PlyCount "90"]
[EventDate "2024.07.20"]
[EventType "swiss"]
[EventRounds "9"]
[EventCountry "IND"]
[SourceTitle "EXT 2025"]
[Source "ChessBase"]
[SourceDate "2024.10.14"]
[SourceVersion "1"]
[SourceVersionDate "2024.10.14"]
[SourceQuality "1"]

1. e4 c5 2. Nf3 d6 3. d4 cxd4 4. Nxd4 a6 5. Nc3 Nf6 6. Be3 e6 7. g4 h6 8. h4 Be7 9. g5 hxg5 10. Bxg5 Qb6 11. Nb3 Nc6 12. Be2 Nxe4 13. Nxe4 Qb4+ 14. Qd2 Qxe4 15. 0-0-0 Bxg5 16. Qxg5 Qxe2 17. Qxg7 Qh5 18. Qg3 d5 19. Nc5 Qe5 20. f4 Qf5 21. Kb1 b6 22. Na4 Rb8 23. Qc3 Rg8 24. Qxc6+ Bd7 25. Qd6 Rc8 26. Nc3 Rg2 27. Rc1 Rc6 28. Qe5 Qxe5 29. fxe5 Rc4 30. Rh3 Rcg4 31. a3 Kf8 32. Rf1 Kg7 33. Kc1 d4 34. Nd1 Re4 35. h5 Be8 36. h6+ Kh7 37. Rb3 Ree2 38. Rxb6 Rxc2+ 39. Kb1 Kxh6 40. Rb8 Ba4 41. Rxf7 Rcd2 42. Rf6+ Kg7 43. Rb7+ Kg8 44. Rb8+ Kh7 45. Rb7+ Kg8 1/2-1/2